00567nam a2200205 a 450000100060000000300080000600500170001400800410003102000150007203500200008704000250010704100110013208200260014310000230016924500370019226000310022930000200026050400500028065000310033075326BD-RjUL20211209082655.0500101s1967 xx i 001 0 eng d a9653910027 a(BD-RjUL)75544) aNYPcNYPdUkOxUbeng0 aengheb 223a958.103bGRA 19671 aGriffiths, John C.10aAfghanistan /cJohn C. Griffiths aLondon :bPall Mall,c1967 a179 p. ;c22 cm aIncludes bibliographical references and Index 0aHistoryzAfghanistany1747